[Event "rock stars "]
[Site "SchemingMind.com"]
[Date "2007.11.10"]
[Round "-"]
[White "jjb091"]
[Black "Araki"]
[Result "1-0"]
[WhiteCountry "USA"]
[BlackCountry "PER"]
[WhiteElo "1764"]
[WhiteRD "81"]
[BlackElo "1668"]
[BlackRD "83"]
[GameID "128360"]

1. e4 e5 2. Nf3 Nc6 3. Bb5 a6 4. Ba4 Bc5 5. O-O Nf6 6. c3 O-O 7. d4 exd4 8. cxd4 Ba7 9. e5 Ne8 10. Nc3 b5
11. Bb3 Bb7 12. Bg5 Ne7 13. Nd5 Bxd5 14. Bxd5 c6 15. Be4 d5 16. Bc2 h6 17. Be3 f5 18. Qd2 Qd7 19. Rfe1 Kh7 20. g4 Kh8
21. gxf5 Nxf5 22. Bf4 Nxd4 23. Nxd4 Bxd4 24. Qxd4 Qg4+ 25. Kf1 Rxf4 26. Qd3 g6 27. e6 Kg7 28. Re3 Qf5 29. Qe2 Qh5 30. Qxh5 Rf6
31. Qh3 Ra7 32. Rae1 Re7 33. Rc3 Nd6 34. Rf3 Nf5 35. Bxf5 gxf5 36. Rxf5 Rg6 37. Qc3+ Kg8 38. Qxc6 Reg7 39. Qe8+ Kh7 40. Rf7 d4
41. Rxg7+ Rxg7 42. Qd7 Kg6 43. Qxg7+ Kxg7 44. e7
1-0

[Event "rock stars "]
[Site "SchemingMind.com"]
[Date "2007.11.11"]
[Round "-"]
[White "jjb091"]
[Black "richfeet"]
[Result "1-0"]
[WhiteCountry "USA"]
[BlackCountry "USA"]
[WhiteElo "1764"]
[WhiteRD "81"]
[BlackElo "1279"]
[BlackRD "100"]
[GameID "128361"]

1. e4 e5 2. Nf3 d6 3. d4 Bg4 4. dxe5 Nc6 5. exd6 cxd6 6. Be2 Nf6 7. Nc3 Be7 8. O-O O-O 9. Re1 h6 10. h3 Bd7
11. Bf4 b6 12. Bxd6 Na5 13. Bxe7 Qxe7 14. e5 Nh7 15. Bd3 Rad8 16. Nd5 Bc6 17. Nxe7+ Kh8 18. Nxc6 Nxc6 19. Qe2 Kg8 20. e6 Rde8
21. exf7+ Rxf7 22. Qxe8+ Rf8 23. Bxh7+ Kxh7 24. Qxf8 a5 25. Re8 Nb4 26. Ne5 Nxc2 27. Qh8#
1-0

[Event "rock stars "]
[Site "SchemingMind.com"]
[Date "2007.11.12"]
[Round "-"]
[White "jjb091"]
[Black "G-ninjaZ"]
[Result "1-0"]
[WhiteCountry "USA"]
[BlackCountry "USA"]
[WhiteElo "1764"]
[WhiteRD "81"]
[BlackElo "1256"]
[BlackRD "111"]
[GameID "128362"]

1. e4 e5 2. Nf3 d6 3. d4 Qe7 4. Bd3 Nc6 5. dxe5 dxe5 6. O-O g6 7. Nc3 h5 8. Be3 f5 9. Nd5 Qd8 10. exf5 Bxf5
11. Bxf5 gxf5 12. c4 e4 13. Bg5 Nge7 14. Nh4 Bh6 15. Nf6+ Kf7 16. Bxh6 Rxh6 17. Nd5
1-0

[Event "rock stars "]
[Site "SchemingMind.com"]
[Date "2007.11.12"]
[Round "-"]
[White "jjb091"]
[Black "LSSEthan"]
[Result "1-0"]
[WhiteCountry "USA"]
[BlackCountry "USA"]
[WhiteElo "1756"]
[WhiteRD "80"]
[BlackElo "1220"]
[BlackRD "95"]
[GameID "128363"]

1. e4 e6 2. d4 d5 3. Nc3 Ne7 4. Nf3 b6 5. Bd3 f5 6. exd5 exd5 7. Qe2 g6 8. O-O Ba6 9. Bxa6 Nxa6 10. Qxa6 Qc8
11. Qxc8+ Nxc8 12. Nxd5 Ne7 13. Nxc7+ Kd7 14. Nxa8 h6 15. Re1 h5 16. Ne5+ Kc8 17. Bg5 h4 18. Bxe7 Bg7 19. Nxg6 Rg8 20. Bxh4 Bxd4
21. Ne7+ Kd7 22. Nxg8 f4 23. Rad1 Kd6 24. Rxd4+ Kc5 25. Ree4 f3 26. Be7+
1-0

[Event "rock stars "]
[Site "SchemingMind.com"]
[Date "2007.11.12"]
[Round "-"]
[White "mrique"]
[Black "jjb091"]
[Result "0-1"]
[WhiteCountry "USA"]
[BlackCountry "USA"]
[WhiteElo "1583"]
[WhiteRD "72"]
[BlackElo "1764"]
[BlackRD "81"]
[GameID "128364"]

1. e4 c5 2. Nf3 Nc6 3. Bb5 g6 4. O-O Bg7 5. d3 Nf6 6. Nc3 O-O 7. d4 cxd4 8. Nxd4 a6 9. Be2 Nxe4 10. Nxc6 Nxc3
11. bxc3 dxc6 12. Qe1 Qc7 13. Bd2 Bf5 14. Qc1 Rad8 15. Rb1 Rd7 16. Bc4 Rfd8 17. Bf4 Be5 18. Bxe5 Qxe5 19. Qb2 b5 20. Rfe1 Qf6
21. Bb3 a5 22. a4 Rd2 23. axb5 Bxc2 24. Bxc2 Qxf2+
0-1

[Event "rock stars "]
[Site "SchemingMind.com"]
[Date "2007.11.12"]
[Round "-"]
[White "iain"]
[Black "jjb091"]
[Result "1/2-1/2"]
[WhiteCountry "USA"]
[BlackCountry "USA"]
[WhiteElo "1467"]
[WhiteRD "68"]
[BlackElo "1756"]
[BlackRD "80"]
[GameID "128365"]

1. d4 Nf6 2. c4 e6 3. Nc3 Bb4 4. Bd2 O-O 5. Nf3 b6 6. a3 Bxc3 7. Bxc3 Ne4 8. e3 Nxc3 9. bxc3 Ba6 10. Be2 Nc6
11. O-O Na5 12. c5 Bxe2 13. Qxe2 bxc5 14. dxc5 Rb8 15. Qa6 Nc6 16. Nd4 Qc8 17. Qxc8 Rfxc8 18. Nxc6 dxc6 19. Rab1 Rb5 20. Rxb5 cxb5
21. Rb1 Rd8 22. h3 c6 23. Rb4 h6 24. c4 a5 25. Rb2 Rb8 26. cxb5 cxb5 27. c6 Kf8 28. c7 Rc8 29. Rxb5 Rxc7 30. Rxa5 Rc2
31. Ra7 Ra2 32. a4 g6 33. g4 Kg7 34. h4 g5 35. hxg5 hxg5 36. Kg2 Kf6 37. Kg3 Kg6 38. f4 Ra3 39. Ra5 gxf4+ 40. Kxf4 Kf6
41. e4 Kg6 42. Ra6 Kf6 43. Ra5 Kg6 44. g5 Ra2 45. Ra7 Ra3 46. a5 Ra4 47. a6 Ra1 48. Ra8 Kg7 49. Ra7 Ra5 50. Ra8 Ra1
51. Ra7 Ra2 52. Ke5 Kg6 53. Kf4 Ra5 54. e5 Kg7 55. Ra8 Ra4+ 56. Kf3 Ra5 57. Kf4 Ra4+ 58. Kf3 Ra5=
1/2-1/2

[Event "rock stars "]
[Site "SchemingMind.com"]
[Date "2007.11.12"]
[Round "-"]
[White "Araki"]
[Black "jjb091"]
[Result "0-1"]
[WhiteCountry "PER"]
[BlackCountry "USA"]
[WhiteElo "1689"]
[WhiteRD "85"]
[BlackElo "1762"]
[BlackRD "83"]
[GameID "128366"]

1. Nf3 d5 2. c4 c6 3. cxd5 cxd5 4. d4 Nc6 5. e3 Bg4 6. Be2 e6 7. Nc3 Nf6 8. O-O Be7 9. Nd2 Bxe2 10. Nxe2 O-O
11. Nb3 Rc8 12. Bd2 Qd7 13. Nc5 Bxc5 14. dxc5 Ne4 15. b4 Nxd2 16. Qxd2 a6 17. a4 Rfd8 18. Nd4 Ne5 19. h3 Nc4 20. Qc3 Qe7
21. e4 Qf6 22. exd5 Rxd5 23. Ne2 Qxc3 24. Nxc3 Rd2 25. Rfd1 Rcd8 26. b5 Rxd1+ 27. Rxd1 Rxd1+ 28. Nxd1 Kf8 29. Nc3 Ke7 30. Ne4 axb5
31. axb5 Ne5 32. Ng5 h6 33. Nf3 Nxf3+ 34. gxf3 e5 35. Kf1 Ke6 36. Ke2 Kd5 37. c6 bxc6 38. b6 Kd6 39. Kd3 c5 40. b7 Kc7
41. Kc4 Kxb7 42. Kxc5 Kc7 43. Kd5 Kd7 44. Kxe5 Ke7 45. f4 f6+ 46. Kf5 Kf7 47. h4 g6+ 48. Kg4 h5+ 49. Kf3 Ke7 50. f5 g5
51. Kg3 g4 52. Kf4= Kd6 53. f3 gxf3 54. Kxf3 Ke5
0-1

[Event "rock stars "]
[Site "SchemingMind.com"]
[Date "2007.11.12"]
[Round "-"]
[White "richfeet"]
[Black "jjb091"]
[Result "0-1"]
[WhiteCountry "USA"]
[BlackCountry "USA"]
[WhiteElo "1279"]
[WhiteRD "100"]
[BlackElo "1764"]
[BlackRD "81"]
[GameID "128367"]

1. e4 c5 2. Nf3 Nc6 3. Bb5 g6 4. O-O Bg7 5. d3 Nf6 6. Bg5 Qb6 7. c3 Qxb5 8. Na3 Qxb2 9. c4 Qxa3 10. Bc1 Qa5
11. Be3 O-O 12. Qe1 Qxe1 13. Nxe1 Nxe4 14. dxe4 Bxa1 15. Nf3 Bd4 16. h3 Bxe3 17. fxe3 d6 18. Ng5 Ne5 19. Rc1 Be6 20. Nf3 Nxf3+
21. gxf3 Rab8 22. Kh2 b5 23. f4 bxc4 24. Kg3 Rb2 25. a4 Rfb8 26. Ra1 c3 27. a5 c2 28. e5 Rb1 29. h4 c1=Q 30. Ra4 Qxe3+
31. Kg2 R8b2#
0-1

[Event "rock stars "]
[Site "SchemingMind.com"]
[Date "2007.11.12"]
[Round "-"]
[White "G-ninjaZ"]
[Black "jjb091"]
[Result "0-1"]
[WhiteCountry "USA"]
[BlackCountry "USA"]
[WhiteElo "1256"]
[WhiteRD "111"]
[BlackElo "1764"]
[BlackRD "81"]
[GameID "128368"]

1. d4 Nf6 2. f3 d5 3. e4 e6 4. Qe2 Be7 5. Nc3 O-O 6. exd5 exd5 7. g4 Nc6 8. Nb5 Re8 9. a4 Bb4+ 10. Bd2 Rxe2+
11. Bxe2 Bxd2+ 12. Kxd2 a6 13. Nc3 Nxd4 14. Bd3 Bd7 15. Nge2 Nxe2 16. Nxe2 Qe7 17. g5 Nh5
0-1

[Event "rock stars "]
[Site "SchemingMind.com"]
[Date "2007.11.12"]
[Round "-"]
[White "LSSEthan"]
[Black "jjb091"]
[Result "0-1"]
[WhiteCountry "USA"]
[BlackCountry "USA"]
[WhiteElo "1371"]
[WhiteRD "120"]
[BlackElo "1754"]
[BlackRD "86"]
[GameID "128369"]

1. e3 Nc6 2. Ne2 d5 3. Nd4 Nxd4 4. exd4 Nf6 5. b3 Bf5 6. h4 g6 7. c4 e6 8. Nc3 Bg7 9. Qf3 O-O 10. g4 Be4
11. Nxe4 Nxe4 12. Qg2 Bxd4 13. Rb1 Bxf2+ 14. Ke2 Qf6 15. d3 Ng3+ 16. Kd2 Nxh1 17. Qxh1 Qe5 18. Bb2 Qe3+ 19. Kc3 d4+ 20. Kb4 Qd2+
21. Ka4 Be1 22. Qxb7 Qa5#
0-1

[Event "rock stars "]
[Site "SchemingMind.com"]
[Date "2007.11.12"]
[Round "-"]
[White "BlueMooner"]
[Black "mrique"]
[Result "1-0"]
[WhiteCountry "ENG"]
[BlackCountry "USA"]
[WhiteElo "1926"]
[WhiteRD "90"]
[BlackElo "1560"]
[BlackRD "71"]
[GameID "128374"]

1. e4 d5 2. exd5 Qxd5 3. Nc3 Qd8 4. d4 Nf6 5. Nf3 c6 6. Bf4 Nbd7 7. Qd2 e6 8. O-O-O Bb4 9. a3 Be7 10. Bc4 O-O
11. g4 Nxg4 12. Rdg1 Ndf6 13. h3 Nd5 14. Rxg4 e5 15. Rxg7+ Kh8 16. Bxe5 f6 17. Qh6 Bf5 18. Ng5
1-0

[Event "rock stars "]
[Site "SchemingMind.com"]
[Date "2007.11.12"]
[Round "-"]
[White "BlueMooner"]
[Black "jjb091"]
[Result "1-0"]
[WhiteCountry "ENG"]
[BlackCountry "USA"]
[WhiteElo "1793"]
[WhiteRD "83"]
[BlackElo "1756"]
[BlackRD "80"]
[GameID "128375"]

1. e4 c5 2. Nf3 d6 3. d4 cxd4 4. Nxd4 Nf6 5. Nc3 e6 6. g3 Be7 7. Bg2 O-O 8. O-O a6 9. Re1 Nc6 10. Nxc6 bxc6
11. e5 dxe5 12. Bxc6 Rb8 13. Qxd8 Rxd8 14. Ne4 Bb7 15. Bxb7 Rxb7 16. b3 Nxe4 17. Rxe4 Rc7 18. c4 Rd1+ 19. Kg2 Ba3 20. Bb2 Rxa1
21. Bxa1 f6 22. Bc3 Rd7 23. Re2 Kf7 24. Rd2 Rxd2 25. Bxd2 Ke7 26. Be3 Kd7 27. h4 h5 28. Kf3 Bb2 29. Ke4 Kd6 30. Kd3 Kc6
31. b4 g6 32. a4 f5 33. b5+ axb5 34. axb5+ Kb7 35. c5 Ba3 36. Kc3 f4 37. gxf4 exf4 38. c6+ Kc7 39. Bxf4+ Kc8 40. b6
1-0

[Event "rock stars "]
[Site "SchemingMind.com"]
[Date "2007.11.12"]
[Round "-"]
[White "BlueMooner"]
[Black "iain"]
[Result "1-0"]
[WhiteCountry "ENG"]
[BlackCountry "USA"]
[WhiteElo "1926"]
[WhiteRD "90"]
[BlackElo "1453"]
[BlackRD "68"]
[GameID "128376"]

1. e4 Nc6 2. Nf3 d6 3. d4 Bg4 4. d5 Ne5 5. Be2 Nf6 6. Nxe5 Bxe2 7. Qxe2 dxe5 8. Qb5+ c6 9. dxc6 bxc6 10. Qxc6+ Nd7
11. O-O e6 12. Bg5 Be7 13. Bxe7 Kxe7 14. Nc3 Re8 15. Rad1 Rc8 16. Qa4 a5 17. Nb5 Kf8 18. Nd6 Re7 19. Nxc8 Qxc8 20. Qxa5 Nc5
21. Rd8+
1-0

[Event "rock stars "]
[Site "SchemingMind.com"]
[Date "2007.11.11"]
[Round "-"]
[White "BlueMooner"]
[Black "Araki"]
[Result "1/2-1/2"]
[WhiteCountry "ENG"]
[BlackCountry "PER"]
[WhiteElo "1793"]
[WhiteRD "83"]
[BlackElo "1677"]
[BlackRD "85"]
[GameID "128377"]

1. e4 e5 2. Nf3 Nc6 3. Bb5 a6 4. Ba4 Bc5 5. c3 b5 6. Bb3 Nf6 7. Qe2 O-O 8. d3 d6 9. Bg5 Bg4 10. Bd5 Qd7
11. Bxf6 gxf6 12. h3 Bh5 13. g4 Bg6 14. Nh4 Kg7 15. Nf5+ Kh8 16. h4 Rad8 17. h5 Bxf5 18. gxf5 Rg8 19. Nd2 Rg2 20. O-O-O Rxf2
21. Qe1 Rg8 22. d4 exd4 23. Qxf2 dxc3 24. Qh4 cxd2+ 25. Kb1 Rg5 26. Rxd2 Ne5 27. Qh3 h6 28. Rg2 c6 29. Rxg5 fxg5 30. Bb3 f6
31. Be6 Qc7 32. Rd1 Qa5 33. Qb3 Qb4 34. Qxb4 Bxb4 35. a3 Bc5 36. b4 Bf2 37. Rxd6 g4 38. Rd8+ Kg7 39. Rg8+ Kh7 40. Kc2 g3
41. Kd1 Nc4 42. Rg6 Ne5 43. Rg8 Nf3 44. Rc8 g2 45. Rc7+ Kh8 46. Rc8+ Kh7=
1/2-1/2

[Event "rock stars "]
[Site "SchemingMind.com"]
[Date "2007.11.11"]
[Round "-"]
[White "BlueMooner"]
[Black "richfeet"]
[Result "0-1"]
[WhiteCountry "ENG"]
[BlackCountry "USA"]
[WhiteElo "1793"]
[WhiteRD "83"]
[BlackElo "1367"]
[BlackRD "96"]
[GameID "128378"]

1. e4 e5 2. Nf3 d6 3. d4 Be7 4. dxe5 Bg4 5. exd6 cxd6 6. Qd5 Nf6 7. Bb5+ Bd7 8. Qxb7 Nc6 9. Bxc6 Rc8 10. Bxd7+ Qxd7
11. Qxd7+ Nxd7 12. Nc3 Nc5 13. Be3 O-O 14. O-O h6 15. Nd5 Rce8 16. e5 Bd8 17. exd6 Bb6 18. b4 Ne4 19. Nxb6 Nxd6 20. Nd7 Nf5
21. Nxf8 Rxf8 22. c4 Kh7 23. Bxa7 Ra8 24. Bd4 f6 25. a4 Rd8 26. Rfd1 Kg8 27. Bxf6 Rf8 28. Rd8 gxf6 29. Rxf8+ Kxf8 30. a5 Nd6
31. a6 Nxc4 32. a7 Nb6 33. a8=Q+ Nxa8 34. Rxa8+ Ke7 35. Rc8 Kd7 36. Rc1 Ke6 37. b5 Kf5 38. b6 Kg6 39. b7 h5 40. b8=Q Kh6
41. Qh8+ Kg6
0-1

[Event "rock stars "]
[Site "SchemingMind.com"]
[Date "2007.11.12"]
[Round "-"]
[White "BlueMooner"]
[Black "G-ninjaZ"]
[Result "1-0"]
[WhiteCountry "ENG"]
[BlackCountry "USA"]
[WhiteElo "1880"]
[WhiteRD "87"]
[BlackElo "1256"]
[BlackRD "111"]
[GameID "128379"]

1. e4 e5 2. Nf3 f6 3. Nxe5 fxe5 4. Qh5+ g6 5. Qxe5+ Ne7 6. Qxh8 Nec6 7. Qxh7 Qg5 8. Bc4 d6 9. Qf7+ Kd8 10. Qxf8+ Kd7
11. O-O Qe7 12. Qxe7+ Kxe7 13. Nc3 Bd7 14. d3 Na6 15. Bg5+ Ke8 16. a3 Nd4 17. Nd5 Nxc2 18. Bxa6 bxa6 19. Nxc7+ Kf7 20. Rac1 Rh8
21. Rxc2 Rh5 22. f4 Bg4 23. Nxa6
1-0

[Event "rock stars "]
[Site "SchemingMind.com"]
[Date "2007.11.12"]
[Round "-"]
[White "BlueMooner"]
[Black "LSSEthan"]
[Result "1-0"]
[WhiteCountry "ENG"]
[BlackCountry "USA"]
[WhiteElo "1926"]
[WhiteRD "90"]
[BlackElo "1371"]
[BlackRD "120"]
[GameID "128380"]

1. e4 e6 2. d4 f5 3. Nc3 d6 4. exf5 exf5 5. Bc4 Nf6 6. Nf3 a6 7. O-O Be7 8. Ng5 b5 9. Be6 c6 10. Bf7+ Kf8
11. Ne6+ Kxf7 12. Nxd8+ Bxd8 13. Bf4 Ne8 14. Re1 h6 15. Qd3 c5 16. dxc5 Bc7 17. Qd5+ Be6 18. Qxe6+ Kf8 19. Qxe8#
1-0

[Event "rock stars "]
[Site "SchemingMind.com"]
[Date "2007.11.12"]
[Round "-"]
[White "mrique"]
[Black "BlueMooner"]
[Result "0-1"]
[WhiteCountry "USA"]
[BlackCountry "ENG"]
[WhiteElo "1583"]
[WhiteRD "72"]
[BlackElo "1880"]
[BlackRD "87"]
[GameID "128381"]

1. e4 c5 2. Nf3 Nc6 3. Bb5 g6 4. O-O Bg7 5. Nc3 e5 6. d3 Nge7 7. Bc4 O-O 8. Bb3 d6 9. Be3 a6 10. Rb1 Nd4
11. Nd5 Nxb3 12. cxb3 Nxd5 13. exd5 b6 14. Qd2 f5 15. Bh6 f4 16. Bxg7 Kxg7 17. b4 Bb7 18. b3 Bxd5 19. Ne1 f3 20. Qe3 fxg2
21. Nxg2 Rf3 22. Qd2 Qd7 23. bxc5 Qg4 24. Kh1 Rxd3
0-1

[Event "rock stars "]
[Site "SchemingMind.com"]
[Date "2007.11.12"]
[Round "-"]
[White "jjb091"]
[Black "BlueMooner"]
[Result "1/2-1/2"]
[WhiteCountry "USA"]
[BlackCountry "ENG"]
[WhiteElo "1764"]
[WhiteRD "81"]
[BlackElo "1880"]
[BlackRD "87"]
[GameID "128382"]

1. e4 c5 2. Nf3 Nc6 3. d4 cxd4 4. Nxd4 g6 5. Nc3 Bg7 6. Be3 Nf6 7. Nxc6 bxc6 8. e5 Nd5 9. Nxd5 cxd5 10. Qxd5 Rb8
11. Bc4 e6 12. Qc5 Bb7 13. O-O Rc8 14. Qb4 Qc7 15. Bb3 Bxe5 16. Qh4 Qc6 17. f3 Bxb2 18. Rad1 O-O 19. Ba4=
1/2-1/2

[Event "rock stars "]
[Site "SchemingMind.com"]
[Date "2007.11.12"]
[Round "-"]
[White "iain"]
[Black "BlueMooner"]
[Result "1-0"]
[WhiteCountry "USA"]
[BlackCountry "ENG"]
[WhiteElo "1467"]
[WhiteRD "68"]
[BlackElo "1793"]
[BlackRD "83"]
[GameID "128383"]

1. d4 Nf6 2. c4 c5 3. d5 b5 4. Nc3 b4 5. Na4 d6 6. Nf3 g6 7. b3 Bg7 8. e3 O-O 9. Be2 Bb7 10. O-O Nxd5
11. cxd5 Bxa1 12. Nb2 Nd7 13. Qc2 Bxd5 14. e4 Bc6 15. Bf4 Bxb2 16. Qxb2 e5 17. Bh6 Re8 18. Bd3 a5 19. a4 bxa3 20. Qxa3 a4
21. Ng5 axb3 22. Qxb3 Re6 23. Nxe6 fxe6 24. Qxe6+ Kh8 25. Qxd6 Qf6 26. Qxf6+ Nxf6 27. f3 Ng8 28. Be3 Ra3 29. Rd1 Bb5 30. Bxb5 Rxe3
31. Kf2 Rb3 32. Bc4 Rb2+ 33. Kg3 Rc2 34. Be6 Nf6 35. Bb3 Rc3 36. Be6 Nxe4+ 37. Kh4 Nf6 38. Kg5 Nh5 39. Kh6
1-0

[Event "rock stars "]
[Site "SchemingMind.com"]
[Date "2007.11.12"]
[Round "-"]
[White "Araki"]
[Black "BlueMooner"]
[Result "0-1"]
[WhiteCountry "PER"]
[BlackCountry "ENG"]
[WhiteElo "1670"]
[WhiteRD "86"]
[BlackElo "1926"]
[BlackRD "90"]
[GameID "128384"]

1. Nf3 c5 2. g3 e6 3. Bg2 d5 4. d4 cxd4 5. Nxd4 Nf6 6. O-O Be7 7. Bf4 Qb6 8. b3 O-O 9. a4 Nc6 10. Nxc6 bxc6
11. Nd2 c5 12. e4 Bb7 13. e5 Nd7 14. c4 f6 15. exf6 Bxf6 16. Ra2 Rae8 17. Qc2 e5 18. Bh3 exf4 19. Bxd7 Re7 20. a5 Qd6
21. Bg4 fxg3 22. fxg3 dxc4 23. Qxc4+ Bd5 24. Qc2 Bd4+
0-1

[Event "rock stars "]
[Site "SchemingMind.com"]
[Date "2007.11.12"]
[Round "-"]
[White "richfeet"]
[Black "BlueMooner"]
[Result "1-0"]
[WhiteCountry "USA"]
[BlackCountry "ENG"]
[WhiteElo "1247"]
[WhiteRD "110"]
[BlackElo "1926"]
[BlackRD "90"]
[GameID "128385"]

1. e4 c5 2. Nf3 Nc6 3. Bb5 g6 4. Bxc6 dxc6 5. O-O Bg7 6. d3 Nf6 7. Be3 b6 8. Nbd2 Qc7 9. e5 Nd5 10. Qe2 O-O
11. c3 Nxe3 12. Qxe3 Rd8 13. Nc4
1-0

[Event "rock stars "]
[Site "SchemingMind.com"]
[Date "2007.11.13"]
[Round "-"]
[White "G-ninjaZ"]
[Black "BlueMooner"]
[Result "0-1"]
[WhiteCountry "USA"]
[BlackCountry "ENG"]
[WhiteElo "1236"]
[WhiteRD "110"]
[BlackElo "1793"]
[BlackRD "83"]
[GameID "128386"]

1. c3 Nf6 2. Nf3 c5 3. a4 d5 4. e3 Nc6 5. d4 Bf5 6. Na3 e6 7. dxc5 Bxc5 8. Bd3 Bxd3 9. Qxd3 O-O 10. Ng5 h6
11. Nf3 a6 12. O-O e5 13. b4 Bd6 14. b5 Ne7 15. c4 e4 16. Qe2 exf3 17. gxf3 Ng6 18. Bb2 Qc7 19. f4 Rae8 20. Rae1 Nxf4
21. Qd1 Nh3+ 22. Kh1 Bxh2
0-1

[Event "rock stars "]
[Site "SchemingMind.com"]
[Date "2007.11.12"]
[Round "-"]
[White "LSSEthan"]
[Black "BlueMooner"]
[Result "0-1"]
[WhiteCountry "USA"]
[BlackCountry "ENG"]
[WhiteElo "1371"]
[WhiteRD "120"]
[BlackElo "1926"]
[BlackRD "90"]
[GameID "128387"]

1. e3 d5 2. f4 Nf6 3. c3 Bg4 4. Be2 Bxe2 5. Nxe2 e6 6. d3 c5 7. O-O Nc6 8. d4 Qc7 9. Nd2 Bd6 10. a4 h5
11. c4 h4 12. b3 cxd4 13. exd4 g5 14. g3 hxg3 15. hxg3 gxf4 16. gxf4 O-O-O 17. Nc3 Rdg8+ 18. Kf2 Rh2+ 19. Ke3 Rg3+ 20. Nf3 Bxf4+
21. Kd3 Nb4#
0-1